000 00504nam a2200181Ia 4500
005 20250326124728.0
008 250326s9999 xx 000 0 und d
037 _aTextbook
040 _aFMSL
_beng
_cFMSL
041 _aeng
_2eng
084 _aX:89M L7;1
_qFMSL
100 _aE M Sl
_9737873
245 0 _aIntroductation to work study
_cE M Sl
260 _aGeneva
_bGeneva, International Labour Office
_c1977
300 _a442p
942 _cTB
_hX:89M L7;1
999 _c1274951
_d1274951